| 000 | 005510000a22001810004500 | ||
|---|---|---|---|
| 003 | MACL | ||
| 005 | 20160218121500.0 | ||
| 008 | 160218b xxu||||| |||| 00| 0 eng d | ||
| 040 |
_aMACL _cMacl |
||
| 041 | _aHindi | ||
| 082 | _a400 | ||
| 100 |
_aगुप्ता डॉ. वीणा _938818 |
||
| 245 | _aडोगरी वाक्य-विन्यास | ||
| 260 |
_bसीमान्त प्रकाशन _c1985 _aनई दिल्ली |
||
| 350 | _a120 | ||
| 650 |
_aLanguage _938819 |
||
| 942 |
_cHIN _k400 _2ddc |
||
| 999 |
_c29343 _d29343 |
||